| 000 | 01370nam a2200289 a 4500 | ||
|---|---|---|---|
| 001 | 000000131 | ||
| 003 | DO-SdBPM | ||
| 005 | 20260206121852.0 | ||
| 008 | 090122s2000 dr a 000 0 spa d | ||
| 020 | _a9993425044 | ||
| 040 |
_aDO-SdBPM _bspa _cBPMSU |
||
| 082 | 4 |
_a302.2 _bB142c 2000 _222 |
|
| 100 | 1 |
_aBáez Evertsz, Carlos J. _4aut. _eautor |
|
| 245 | 1 | 3 |
_aLa comunicación efectiva / _cCarlos J. Báez Evertsz. |
| 264 |
_aSanto Domingo : _bINTEC , _c2000. |
||
| 300 |
_axviii, 280 páginas : _bilustraciones . ; _c20 cm. |
||
| 336 |
_atexto _btxt _2rdacontent |
||
| 337 |
_asin mediación _bn _2reamedia |
||
| 338 |
_avolumen _bnc _2rdacarrier |
||
| 505 | 1 |
_tIntroducción -- _g1. _tEl estudio científico de la comunicación -- _g2. _tBreve historia sobre los estudios de comunicación -- _g3. _tLa opinión pública, el clima de opinión y los creadores de opinión -- _g4. _tLa comunicación pública -- _g5. _tLa comunicación política -- _g6. _tOrganización y funcionamiento de los departamentos de comunicación y los gabinetes de prensa -- _tEl portavoz -- _tCampañas técnicas de comunicación -- _tBibliografía. |
|
| 590 | _aInventariado, 2026/VM | ||
| 650 | 7 |
_aComunicación _x Aspectos sociales |
|
| 650 | 7 | _aOpinión pública | |
| 710 | 2 | _aInstituto Tecnológico de Santo Domingo | |
| 910 | _aVMateo V. Control de calidad.BPMSU | ||
| 942 |
_2ddc _cBK |
||
| 999 |
_c8151 _d8151 |
||